1768 1098 1744 1299 1605 1031 1659 1055 1174 1967 1804 1298 1662 1894 1738 1325 1987 1196 1096 1890 1831 1629 1189 1996 1859 1850 1184 1901 1193 1545 1596 1436 1294 1313 1128 1092 1123 1449 1405 1677 1405 1927 1675 1436 1621 1799 1852 1800 1867 1536 1316 1956 1350 1752 1848 1018 1955 1843 1773 1497 1260 1611 1530 1257 1524 1392 1422 1279 1752 1527 1459 1852 1492 1042 1974 1658 1836 1345 1680 1762 1396 1043 1502 1591 1353 1852 1664 1225 1399 1419 1808 1607 1346 1007 1555 1229 1924 1770 1596 BCNSPRNW ULIB Ver.6.0+V

เปลี่ยนเป็นภาษาไทย

Change to English
 แสดงรายละเอียดบรรณานุกรม
  กลับหน้าหลัก

Brief Record : Get Marc (ISO 2709) : E-mail record : QR code < ปิดหน้าต่าง
LEADER : 00000nam 2200000uu 4500
001    13399113425
003     ULIB
008    110627s2553||||th 000 0 tha d
020    9786167083070
090    นว.^bส988ส 2553
100 0  โสภี พรรณราย
245 00 สาปคฤหาสน์/^cโสภี พรรณราย
250    พิมพ์ครั้งที่ 1
260    กรุงเทพฯ :^bบิวตี้ บุ๊ค,^c2553
300    294 หน้า
710 1  บิวตี้บุ๊ค
945    ^p220^l0^i028018
995    ทศพร
999 ^a ใช้งานได้ทุกระบบ
รายการนี้ยังไม่มีแท็ก
คุณยังไม่ได้ล็อกอิน คุณสามารถมีกิจกรรมร่วมกับเว็บไซต์ได้ แต่ต้องล็อกอินก่อน ::
  ล็อกอิน

รายการสื่อสารสนเทศ

ลำดับที่ ประเภท เลขเรียก/บาร์โค้ด สถานที่ สถานะ
1. นวนิยาย
นวนิยาย
นว. ส988ส 2553 ฉ.1 
  Barcode: 028018
ห้องสมุดวิทยาเขตสวรรค์ประชารักษ์
►นวนิยาย
ถูกยืม กำหนดส่งวันที่ 15 ธันวาคม 2559
  จอง

รายการใกล้เคียง
    ผู้แต่ง [โสภี พรรณราย]

BibComment


ยังไม่เคยถูกคอมเมนท์

คอมเมนท์ทรัพยากรรายการนี้
  คอมเมนท์: สาปคฤหาสน์ โสภี พ..


 Copyright 2026. Bcnsprnw @Library